Gran enciclopedia de la electrónica / (Registro nro. 8538)
[ vista simple ]
| 000 -CABECERA | |
|---|---|
| Campo de control interno | 01812nam a2200253Ia 4500 |
| 008 - ELEMENTOS DE LONGITUD FIJA - INFORMACIÓN GENERAL | |
| Campo de control de longitud fija | 260220t1984||||xx |||||||||||||| ||spa|| |
| 020 ## - ISBN | |
| ISBN | 8475340849 |
| 040 ## - FUENTE DE CATALOGACIÓN | |
| Agencia de catalogación original | PY-SlUNAC |
| Idioma de catalogación | spa |
| Convenciones de descripción | rda |
| 041 ## - CÓDIGO DE IDIOMA | |
| Código de idioma para texto/pista de sonido o título separado | spa |
| 082 ## - NÚMERO DE CLASIFICACIÓN DECIMAL DEWEY | |
| Clasificación Decimal Dewey (CDD) | 621.03 |
| Clasificación Expansiva de Cutter (EC) | L864g |
| 100 ## - ASIENTO PRINCIPAL - NOMBRE PERSONAL | |
| Nombre personal | López Aparicio, David |
| Rol del autor | Autor |
| 245 #0 - TÍTULO | |
| Título | Gran enciclopedia de la electrónica / |
| Mención de responsabilidad | por David López Aparicio [Autor] |
| 264 ## - PIE DE IMPRENTA | |
| Lugar | Madrid : |
| Editorial | Nueva Lente, |
| Año | ℗1984. |
| 300 ## - DESCRIPCIÓN FÍSICA | |
| Páginas | 1 volumen |
| 520 ## - NOTA DE RESUMEN | |
| Nota de resumen | La "Gran enciclopedia de la electrónica" de David López Aparicio es una obra exhaustiva que aborda los fundamentos, aplicaciones y avances en el campo de la electrónica. Publicada en 1984, esta enciclopedia se presenta como una referencia esencial para estudiantes, profesionales e interesados en la materia. A lo largo de sus páginas, se exploran temas que van desde la teoría básica de circuitos y componentes electrónicos hasta tecnologías más complejas, como la microelectrónica y la informática. Además, la obra incluye una amplia variedad de ilustraciones y diagramas que facilitan la comprensión de conceptos técnicos. López Aparicio también dedica espacio a la historia de la electrónica y su evolución, contextualizando los desarrollos contemporáneos en relación con sus precursores. Este enfoque integral no solo proporciona un aprendizaje estructurado, sino que también estimula el interés por la innovación y la investigación en el ámbito electrónico. En suma, es un recurso valioso y completo que contribuye significativamente al conocimiento en esta área. |
| 653 ## - MATERIA - TÉRMINO TEMÁTICO NO CONTROLADO (PALABRAS CLAVE) | |
| Materia - término temático no controlado (palabras clave) | Electrónica |
| 653 ## - MATERIA - TÉRMINO TEMÁTICO NO CONTROLADO (PALABRAS CLAVE) | |
| Materia - término temático no controlado (palabras clave) | Enciclopedias |
| 653 ## - MATERIA - TÉRMINO TEMÁTICO NO CONTROLADO (PALABRAS CLAVE) | |
| Materia - término temático no controlado (palabras clave) | Tecnología |
| 942 ## - ELEMENTOS PERSONALIZADOS (KOHA) | |
| Fecha catalogación | 2026/02/17 |
| Tipo de documento | Libros |
| Fuente de Clasificacion | Colección | Ubicacion permanente | Biblioteca actual | Fecha de Ingreso a la Biblioteca | Origen de adquisición | Código de ubicación | Código de barras | Tipo de Item KOHA | Nota pública |
|---|---|---|---|---|---|---|---|---|---|
| Dewey Decimal Classification | Colección General (CG) | Biblioteca e Internet, Facultad de Ciencias Exactas y Naturales | Biblioteca e Internet, Facultad de Ciencias Exactas y Naturales | 02/20/2026 | Donación | 621.03 L864g | CG1898 | Libros | Material disponible en la Biblioteca e Intenet, Campus UNA, San Lorenzo. |


